000 00755nam a2200289Ia 4500
005 20260324150114.0
008 008 260324s9999 xx 000 0 eng d
020 _a9781315620305
037 _aEBOOK
040 _aCRL
040 _beng
040 _cCRL
041 _2eng
041 _aeng
084 _qCRL
100 _aBryan Brown
_91225276
245 4 _aThe England of Henry Taunt
245 0 _bVictorian Photographer: his Thames. his Oxford. his Home Counties and Travels. his Portraits. Times and Ephemera
260 _bTaylor and Francis
260 _c1973
365 _a
365 _b205
856 _uhttp://www.taylorfrancis.com/books/9781315620305
942 _cEBOOK
999 _c1834173
_d1834173